<?xml version="1.0" encoding="UTF-8"?><?xml-stylesheet type="text/xsl" href="static/style.xsl"?><OAI-PMH xmlns="http://www.openarchives.org/OAI/2.0/" xmlns:xsi="http://www.w3.org/2001/XMLSchema-instance" xsi:schemaLocation="http://www.openarchives.org/OAI/2.0/ http://www.openarchives.org/OAI/2.0/OAI-PMH.xsd"><responseDate>2026-04-17T01:23:47Z</responseDate><request verb="GetRecord" identifier="oai:www.recercat.cat:2072/481918" metadataPrefix="marc">https://recercat.cat/oai/request</request><GetRecord><record><header><identifier>oai:recercat.cat:2072/481918</identifier><datestamp>2025-08-31T17:54:55Z</datestamp><setSpec>com_2072_98</setSpec><setSpec>col_2072_378192</setSpec></header><metadata><record xmlns="http://www.loc.gov/MARC21/slim" xmlns:dcterms="http://purl.org/dc/terms/" xmlns:xsi="http://www.w3.org/2001/XMLSchema-instance" xmlns:doc="http://www.lyncode.com/xoai" xsi:schemaLocation="http://www.loc.gov/MARC21/slim http://www.loc.gov/standards/marcxml/schema/MARC21slim.xsd">
   <leader>00925njm 22002777a 4500</leader>
   <datafield ind2=" " ind1=" " tag="042">
      <subfield code="a">dc</subfield>
   </datafield>
   <datafield ind2=" " ind1=" " tag="720">
      <subfield code="a">Añó Ayza, Ana</subfield>
      <subfield code="e">author</subfield>
   </datafield>
   <datafield ind2=" " ind1=" " tag="720">
      <subfield code="a">Ferré Pavia, Carme</subfield>
      <subfield code="e">author</subfield>
   </datafield>
   <datafield ind2=" " ind1=" " tag="720">
      <subfield code="a">Ballester, María</subfield>
      <subfield code="e">author</subfield>
   </datafield>
   <datafield ind2=" " ind1=" " tag="720">
      <subfield code="a">Corbinos Mañosa, Júlia</subfield>
      <subfield code="e">author</subfield>
   </datafield>
   <datafield ind2=" " ind1=" " tag="260">
      <subfield code="c">2021</subfield>
   </datafield>
   <datafield ind2=" " ind1=" " tag="520">
      <subfield code="a">Este artículo analiza la cobertura mediática de los abusos sexuales a las mujeres entre 2015 y 2020, en el contexto de la aparición del movimiento MeToo, iniciado el 2017 en los Estados Unidos. La muestra la forman dos diarios generalistas españoles, El País y El Mundo, y se revisa cómo han informado de los casos del productor Harvey Weinstein, del director de cine Roman Polanski y del cantante Plácido Domingo. De 1.625 piezas periodísticas se hace un análisis cualitativo, con categorías periodísticas de protagonismo de víctima y victimario, descripción de personaje y sus acciones, fuentes aludidas, recurrencia a voces expertas y si se referencian o no las leyes contra el abuso sexual. Los tres ejemplos escogidos indican un cambio en los últimos tres años del tratamiento de los medios de los abusos sexuales en la llamada era Me Too, en dirección al empoderamiento de la víctima y a la pérdida de credibilidad del abusador. En el caso de Weinstein esto es más notable y claramente ha llevado el tema de los abusos sexuales a la agenda mundial; en el de Polanski se produjo un aumento del número de noticias sobre los abusos 43 años después de que sucedieran; por último, se duplicó el número de menciones a Plácido Domingo de un año para otro. Cualitativamente, incluso las noticias más estrictas enfatizan la gravedad de los hechos y las piezas de opinión hablan de forma negativa, en muchos casos situándolos en un contexto de lucha feminista a escala global, a pesar de que se detecta todavía la deificación del abusador artista</subfield>
   </datafield>
   <datafield tag="653" ind2=" " ind1=" ">
      <subfield code="a">MeToo</subfield>
   </datafield>
   <datafield tag="653" ind2=" " ind1=" ">
      <subfield code="a">Violencia machista</subfield>
   </datafield>
   <datafield tag="653" ind2=" " ind1=" ">
      <subfield code="a">Cobertura de prensa</subfield>
   </datafield>
   <datafield tag="653" ind2=" " ind1=" ">
      <subfield code="a">Harvey Weinstein</subfield>
   </datafield>
   <datafield tag="653" ind2=" " ind1=" ">
      <subfield code="a">Roman Polanski</subfield>
   </datafield>
   <datafield tag="653" ind2=" " ind1=" ">
      <subfield code="a">Plácido Domingo</subfield>
   </datafield>
   <datafield ind2="0" ind1="0" tag="245">
      <subfield code="a">La cobertura dels abusos sexuals a la premsa en l'era #MeToo: els casos Polanski, Weinstein i P. Domingo</subfield>
   </datafield>
</record></metadata></record></GetRecord></OAI-PMH>